000 00773cas a2200265u| 4500
001 9614
003 BD-RjUL
005 20211208234816.0
008 140121s1963 fr a |||||||||||| ||fre|
035 _a(BD-RjUL)9659
040 _aDLC
_cCarP
_dDLC
_dBD-RjUL
_beng
041 _aeng
082 0 4 _219
_a537
_bVAE 1963
100 1 _aValkenburgh, van,
_929770
245 0 0 _aElectricité /
_cVan Valkenburgh.
260 _cNew York :
_aThe brolet press,
_b1963.
300 _av. :
_bill. ;
_c22 cm.
504 _aIncludes index.
505 0 _aVol. 1 -- V. 2 -- V. 3 -- V. 4 -- V. 5 --
650 0 _aElectricity
_929771
650 0 _aElectrical engineering
_vPeriodicals.
_9215396
650 0 _aElectric industries
_vPeriodicals.
_929772
942 _2ddc
_cBK
999 _c9614
_d9614